| 000 | 01131nam a2200193Ia 4500 | ||
|---|---|---|---|
| 003 | Ost | ||
| 005 | 20260507075631.0 | ||
| 008 | 260507s9999||||xx |||||||||||||| ||und|| | ||
| 040 | _cfsecg | ||
| 041 | _aara | ||
| 082 | _a336.24562 | ||
| 100 |
_aالسيد حجازي، المرسي _eمؤلف |
||
| 245 | 0 |
_aضرائب الدخل والثروة والأنفاق في لبنان / _c المرسي السيد حجازي |
|
| 260 |
_aالاسكندرية: _bالدار الجامعية, _c2000 |
||
| 300 |
_a263 صفحة؛ _c24 سم |
||
| 520 | _aضرائب الدخل ، الضريبة على الأرباح الصناعية والتجارية وغير التجارية ، الضريبة على الرواتب والأجور ومعاشات التقاعد ، الضريبة على دخل رؤوس الأموال المنقولة ، ضريبة الأراضي ، ضريبة الأملاك المبنية ، ضرائب الثروة ، الرسم والإنتقال ضرائب الإنفاق ، الضرائب الجمركية ، رسم الطابع المالي | ||
| 653 | _aضرائب الدخل - لبنان | ||
| 942 | _cكتاب | ||
| 999 |
_c45201 _d45201 |
||